Statistics for Largest British Cities that Border the Sea

Click here to take the quiz!

General Stats

  • This quiz has been taken 28 times
  • The average score is 12 of 15

Answer Stats

HintAnswer% Correct
496,784Liverpool
100%
229,700Brighton
96%
560,000Newcastle-Upon-Tyne
93%
254,361Southampton
93%
335,145Cardiff
89%
246,217Swansea
89%
280,211Belfast
85%
261,149Kingston-Upon-Hull
85%
234,982Plymouth
85%
238,137Portsmouth
85%
467,099Bristol
81%
482,005Edinburgh
74%
277,733Sunderland
67%
187,503Bournemouth
63%
140,398Middlesbrough
41%

Score Distribution

Percentile by Number Answered

Percent of People with Each Score

Your Score History

You have not taken this quiz